000 01120cam a22002531 4500
001 gs 24000083
003 DLC
005 20260227111328.0
008 740719s1923 kyuabc b s000 0 eng c
010 _ags 24000083
035 _a(OCoLC)951606
040 _aU.S. Geol. Survey. Library
_cDeU
_dOCoLC
_dDLC
042 _apremarc
050 0 0 _aQE115
_b.J51362
100 1 _aJillson, Willard Rouse,
_d1890-
245 1 0 _aGeological research in Kentucky.
_bA summary account of the several geological surveys of Kentucky, including a complete list of their publications and a general bibliography of 806 titles pertaining to Kentucky geology,
_cby Willard Rouse Jillson ... Ten illustrations and maps ...
260 _aFrankfort, Ky.,
_bThe Kentucky Geological Survey,
_c1923.
300 _a6 p. l., 228 p.
_bports., fold. maps, tables.
_c24 cm.
490 0 _aKentucky. Geological survey 1920-1932. Ser. VI [Geologic reports]
_vv. 15
500 _a"First edition, 500 copies."
504 _a"Bibliography of Kentucky geology": p. [85]-148.
650 0 _aGeology
_zKentucky.
650 0 _aGeology
_zKentucky
_vBibliography.
999 _c26307
_d26307